Examination of Selected Variables Relationship to the Search Results Positions

Gespeichert in:
Bibliographische Detailangaben
1. Verfasser: Miklošík, Andrej
Weitere Verfasser: Vokounová, Dana, 1962-
Format: Buchkapitel
Sprache:Englisch
Schlagworte:
Tags: Tag hinzufügen
Keine Tags, Fügen Sie das erste Tag hinzu!

MARC

LEADER 00000naa a2200000 4500
001 0184193
005 20240502083434.8
041 0 |a eng 
044 |a UA 
245 1 0 |a Examination of Selected Variables Relationship to the Search Results Positions  |c Andrej Miklošík, Dana Vokounová 
610 2 0 |a marketing 
610 2 0 |a internet 
610 2 0 |a komunikácia elektronická 
610 2 0 |a gramotnosť informačná 
610 2 0 |a stránky webové 
610 2 0 |a výskum 
100 1 |a Miklošík, Andrej 
700 1 |a Vokounová, Dana, 1962-